Statistics for 300 Largest Cities In The U.S.: (2024)

Click here to take the quiz!

General Stats

  • This quiz has been taken 271 times
    (95 since last reset)
  • The average score is 180 of 300

Answer Stats

HintAnswer% Correct
2,599,059Chicago
89%
1,317,210Dallas
89%
2,325,324Houston
89%
3,790,742Los Angeles
89%
8,089,689New York City
89%
1,394,518San Diego
89%
802,805San Francisco
89%
1,522,814Philadelphia
87%
1,682,515Phoenix
87%
1,510,687San Antonio
87%
950,767San Jose
87%
643,044Boston
85%
157,450Charleston
85%
717,110Denver
85%
138,531Jackson
85%
1,000,135Jacksonville
85%
784,754Seattle
85%
984,655Austin
83%
928,154Charlotte
83%
604,794Detroit
83%
877,023Indianapolis
83%
464,544Miami
83%
618,451Portland
83%
408,733Tampa
83%
120,324Hartford
81%
426,018Minneapolis
81%
694,598Nashville
81%
328,535Orlando
81%
297,812Pittsburgh
81%
111,441 | 232,981Richmond
81%
532,101Sacramento
81%
231,132Spokane
81%
112,335 | 152,296 | 171,691Springfield
81%
120,615Allen
79%
512,047Atlanta
79%
555,831Baltimore
79%
311,169Cincinnati
79%
675,418El Paso
79%
995,049Fort Worth
79%
150,457 | 509,993Kansas City
79%
355,121New Orleans
79%
707,678Oklahoma City
79%
188,527Providence
79%
489,977Raleigh
79%
122,178 | 205,642Rochester
79%
272,610St. Louis
79%
556,808Albuquerque
77%
273,768Buffalo
77%
611,204Memphis
77%
558,235Milwaukee
77%
211,641Salt Lake City
77%
557,254Tucson
77%
677,827Washington
77%
252,206Winston-Salem
77%
124,474Billings
74%
233,860Boise
74%
130,565 | 146,306Columbia
74%
197,800 | 917,811Columbus
74%
548,881Fresno
74%
195,222Grand Rapids
74%
667,282Las Vegas
74%
301,408Newark
74%
419,077Oakland
74%
124,099Topeka
74%
395,218Wichita
74%
123,738Allentown
72%
235,845 | 397,250Arlington
72%
174,926 | 399,871Aurora
72%
413,783Bakersfield
72%
195,084Birmingham
72%
134,158Dayton
72%
445,253Long Beach
72%
518,816Mesa
72%
194,020Montgomery
72%
280,294Reno
72%
176,251Salem
72%
212,630Sioux Falls
72%
449,494Virginia Beach
72%
341,035Anaheim
70%
216,207Baton Rouge
70%
135,543Cedar Rapids
70%
354,043Cleveland
70%
492,088Colorado Springs
70%
208,026Des Moines
70%
183,119 | 256,622Glendale
70%
304,895Greensboro
70%
349,403Henderson
70%
200,471Knoxville
70%
294,929Lincoln
70%
204,132Little Rock
70%
617,914Louisville
70%
282,967Madison
70%
139,283New Haven
70%
151,136Savannah
70%
243,590Scottsdale
70%
295,228St. Paul
70%
226,142Tacoma
70%
204,615Tallahassee
70%
261,415Toledo
70%
410,061Tulsa
70%
189,932Chattanooga
68%
253,986Chesapeake
68%
337,075Honolulu
68%
290,726Jersey City
68%
112,513Lansing
68%
179,833Mobile
68%
299,381North Las Vegas
68%
478,443Omaha
68%
109,323 | 203,652Peoria
68%
204,637Worcester
68%
188,427Akron
66%
202,169Amarillo
66%
297,430Durham
66%
207,281Fayetteville
66%
271,037Fort Wayne
66%
228,455Huntsville
66%
320,095Lexington
66%
115,077Manchester
66%
291,249Plano
66%
218,500San Bernardino
66%
307,025Santa Ana
66%
125,388Wilmington
66%
284,031Anchorage
64%
204,612Augusta
64%
177,863Eugene
64%
269,392Lubbock
64%
228,935Norfolk
64%
265,602St. Petersburg
64%
141,707Syracuse
64%
204,479Yonkers
64%
129,937Athens
62%
313,061Corpus Christi
62%
135,512Fargo
62%
279,628Gilbert
62%
121,195Lafayette
62%
256,771Laredo
62%
216,311Modesto
62%
110,763Provo
62%
334,468Riverside
62%
173,803Shreveport
62%
195,770Tempe
62%
121,485Ann Arbor
60%
243,026Cape Coral
60%
238,184Garland
60%
218,916Hialeah
60%
130,769 | 145,638Pasadena
60%
320,243Stockton
60%
147,280Waco
60%
147,989Bridgeport
57%
283,175Chandler
57%
283,494Chula Vista
57%
113,630 | 119,201Concord
57%
131,763Elizabeth
57%
113,907Evansville
57%
147,732Gainesville
57%
190,004Huntington Beach
57%
145,973McAllen
57%
259,564Port St. Lucie
57%
144,949Rockford
57%
135,188Stamford
57%
198,018Vancouver
57%
134,777Warren
57%
127,014West Palm Beach
57%
131,820West Valley City
57%
169,215Fort Collins
55%
185,416Fort Lauderdale
55%
236,599Frisco
55%
330,863Irvine
55%
255,023Irving
55%
181,493Ontario
55%
215,395Santa Clarita
55%
177,245Santa Rosa
55%
192,232Brownsville
53%
216,345Fontana
53%
138,417Hampton
53%
148,999Joliet
53%
115,958Las Cruces
53%
156,621Macon
53%
215,667McKinney
53%
140,322Midland
53%
212,644Moreno Valley
53%
114,336Odessa
53%
124,874Santa Clara
53%
156,169Alexandria
51%
158,719Bellevue
51%
127,230Berkeley
51%
119,300Cambridge
51%
189,098Clarksville
51%
159,137Corona
51%
153,096Hollywood
51%
150,902Naperville
51%
154,173Paterson
51%
113,642Tuscaloosa
51%
121,021Broken Arrow
49%
116,895Clearwater
49%
125,697Lakeland
49%
119,803Nampa
49%
183,390Newport News
49%
197,137Oxnard
49%
131,013Sterling Heights
49%
109,074Sugar Land
49%
120,793Thousand Oaks
49%
116,904West Jordan
49%
112,032Carlsbad
47%
186,238Cary
47%
127,657College Station
47%
133,825Coral Springs
47%
218,549Fremont
47%
210,675Grand Prairie
47%
119,168Independence
47%
163,598Killeen
47%
154,142Lakewood
47%
120,652North Charleston
47%
149,994Olathe
47%
110,386Pueblo
47%
129,835Abilene
45%
167,407Lancaster
45%
112,248Lowell
45%
173,844Murfreesboro
45%
130,741Norman
45%
170,759Oceanside
45%
133,944Orange
45%
197,984Overland Park
45%
143,801Pomona
45%
178,670Rancho Cucamonga
45%
132,009Round Rock
45%
111,081Santa Maria
45%
121,088Simi Valley
45%
113,152Tyler
45%
146,308Visalia
45%
115,052Waterbury
45%
156,643Denton
43%
176,108Elk Grove
43%
112,095Everett
43%
118,344Fairfield
43%
166,740Garden Grove
43%
132,812Kent
43%
159,485Palmdale
43%
170,358Pembroke Pines
43%
160,261Roseville
43%
156,908Salinas
43%
155,213Sunnyvale
43%
113,636Temecula
43%
121,146Vallejo
43%
139,821Victorville
43%
115,864Antioch
40%
149,452Escondido
40%
110,365Greeley
40%
153,372Hayward
40%
140,924Miramar
40%
115,337Murrieta
40%
113,874Pompano Beach
40%
112,358Rio Rancho
40%
110,383Spokane Valley
40%
163,944Surprise
40%
136,360Torrance
40%
117,561Arvada
38%
127,654Clovis
38%
113,170Goodyear
38%
137,660Meridian
38%
148,055Mesquite
38%
141,798Palm Bay
38%
143,978Thornton
38%
114,003Westminster
38%
113,261Buckeye
36%
111,469Elgin
36%
140,505Fullerton
36%
189,733Paradise
36%
115,849High Point
34%
139,217Lewisville
34%
120,108Richardson
34%
114,824South Fulton
34%
134,322Carrollton
32%
115,467Menifee
32%
128,995Pearland
32%
115,032League City
30%
118,402The Woodlands
30%
113,339Conroe
28%
225,461Enterprise
28%
140,046Metairie
28%
116,057New Braunfels
28%
198,325Sunrise Manor
28%
117,222East Los Angeles
26%
114,923Brandon
23%
124,440Lehigh Acres
23%
116,882Spring Hill
23%
220,114Spring Valley
21%

Score Distribution

Percentile by Number Answered

Percent of People with Each Score

Your Score History

You have not taken this quiz since the last reset